000 00956cam a22002897a 4500
003 CHAP
005 20220329134817.0
008 971013s r 10010 d
010 _a26329
011 _a27301
035 _a31402
040 _cCHAP
082 _a631.7
_bI52p 1978
111 0 0 _aInternational Symposium on Water Supply and Irrigation (
_d1978
_c: Bet Dagan, Israel)
_960060
245 0 _aProgram and abstracts
260 _a(s.l.) :
_bInternational Society of Horticultural Science,
_c(s.a.)
300 _a49 p
590 _aBATCH-UPD
_b10
_c20130110
_lUCH01
_h1613
590 _aBATCH-UPD
_b10
_c20130410
_lUCH01
_h1008
590 _aBATCH-UPD
_b10
_c20130914
_lUCH01
_h1656
590 _aCONVERSION
_b10
_c20130109
_lUCH01
_h1315
650 1 4 _aIrrigación
_xCongresos.
_960390
650 1 4 _aLegumbres
_xIrrigación.
_965735
901 _aBK
942 _cLIBRO
949 _a631.7 I52p 1978
_bBC
_cLIBRO
_d33724000807269
_eLIBRO
_h3879
_i31402
_mD
_sb
999 _c26329
_d26329